| 000 | 00880nam a2200229 a 4500 | ||
|---|---|---|---|
| 001 | 64632 | ||
| 003 | BD-RjUL | ||
| 005 | 20211209081329.0 | ||
| 008 | 170216s1968 ii ||||| |||| 00| 0 ben d | ||
| 035 | _a(BD-RjUL)64762 | ||
| 040 |
_aBD-RjUL _beng _cBD-RjUL |
||
| 041 | _aeng | ||
| 082 |
_223 _a891.4409 _bROB 1968 |
||
| 245 | 0 | 0 |
_aরবীন্দ্র জিজ্ঞাসা / _cআশোকবিজয় রাহা |
| 260 |
_aকলকাতা : _bবিশ্বভারতী, _c১৯৬৮। |
||
| 300 |
_aখন্ড. ; _c২৫ সেমি. |
||
| 505 | _aখন্ড. ২ -- খন্ড. ১ | ||
| 650 |
_aবাংলা সাহিত্য _vইতিহাস ও সমালোচনা _9170332 |
||
| 650 |
_aBengali Lillterature _vHistory and Criticism _9191657 |
||
| 700 |
_aরাহা, আশোকবিজয় _9188907 |
||
| 942 |
_2ddc _cBK |
||
| 999 |
_c64632 _d64632 |
||